Bundesländer mit dem meisten Regen - Statistiken

Allgemein
  • Dieses Quiz wurde 87 mal gespielt
  • Das Durchschnittsergebnis liegt bei 10 aus 16
Antwortstatistiken
Niederschlagsmenge
in l / m²
Bundesland % Korrekt
935 Baden-Württemberg
94%
915 Saarland
88%
910 Bayern
87%
860 Nordrhein-Westfalen
84%
780 Sachsen
79%
755 Rheinland-Pfalz
64%
750 Schleswig-Holstein
61%
735 Hamburg
58%
560 Berlin
55%
745 Thüringen
55%
680 Bremen
51%
725 Niedersachsen
48%
590 Brandenburg
46%
710 Hessen
45%
610 Sachsen-Anhalt
45%
630 Mecklenburg-Vorpommern
43%
Keine übereinstimmenden Quizze gefunden
Verteilung der Resultate
Anzahl Personen mit jedem Resultat
Perzentil nach korrekt beantworteten Fragen
Ihre Resultats-Entwicklung
Sie haben dieses Quiz noch nicht gespielt